Les 20 villes les plus peuplées des Alpes-Maritimes sur une carte - Statistiques

Statistiques générales
  • Ce quiz a été pris 229 fois
  • Le résultat moyen est 12 sur 20
Réponses sur la Carte
Les réponses sont colorées sur une échelle allant du rouge au vert en fonction du pourcentage des utilisateurs qui les ont devinées à leur premier essai. Vous pouvez retrouver ces pourcentages ci-dessous.
 
Statistiques - réponses
Habitants Ville % Correct
348 085 Nice
99%
73 255 Cannes
96%
75 130 Antibes
93%
30 412 Menton
93%
48 323 Grasse
85%
52 580 Cagnes-sur-Mer
83%
30 941 Saint-Laurent-du-Var
64%
21 561 Mandelieu-la-Napoule
62%
41 597 Le Cannet
59%
16 779 Villeneuve-Loubet
56%
12 371 Roquebrune-Cap-Martin
49%
19 677 Mougins
47%
19 415 Vence
47%
28 025 Vallauris
46%
9 880 Biot
38%
12 674 Beausoleil
36%
10 531 Mouans-Sartoux
33%
12 754 Valbonne
32%
13 277 Carros
29%
10 276 La Trinité
23%
Aucun quiz correspondant
Distribution des résultats
% des personnes avec chaque résultat
Percentile par nombre de réponses
Votre historique - résultats
Vous n’avez pas pris ce quiz